Statistics for Who's Looking?

Click here to take the quiz!

General Stats

  • This quiz has been taken 15 times
  • The average score is 7 of 15

Answer Stats

Answer% Correct
Salvador Dalí
100%
Vincent van Gogh
100%
Leonardo da Vinci
92%
Rembrandt
92%
Sandro Botticelli
67%
Diego Velázquez
50%
Raphael
50%
Edvard Munch
42%
Frans Hals
33%
Édouard Manet
25%
Jean-Auguste-Dominique Ingres
25%
Gustave Courbet
17%
Jacques-Louis David
17%
Gian Lorenzo Bernini
8%
Paula Modersohn-Becker
8%

Score Distribution

Percentile by Number Answered

Percent of People with Each Score

Your Score History

You have not taken this quiz